[Event "Moscow RGGU op"]
[Site "Moscow"]
[Date "2019.04.13"]
[Round "5"]
[White "Rudyak, Mikhail"]
[Black "Talyzin, Valeriy"]
[Result "0-1"]
[WhiteElo "1556"]
[BlackElo "1785"]
[PlyCount "54"]
[EventDate "2019.03.16"]
[EventType "swiss"]
[EventRounds "7"]
[EventCountry "RUS"]
[SourceTitle "CBM 190 Extra"]
[Source "ChessBase"]
[SourceDate "2019.07.15"]
[SourceVersion "1"]
[SourceVersionDate "2019.07.15"]
[SourceQuality "1"]

1. g3 Nf6 2. c4 g6 3. Bg2 Bg7 4. d4 0-0 5. Nc3 d6 6. Nf3 Nc6 7. 0-0 e5 8. d5 Ne7 9. e4 Ng4 10. h3 Nh6 11. Re1 f5 12. exf5 gxf5 13. Bg5 Nf7 14. Qd2 h6 15. Bxe7 Qxe7 16. Nh4 Qg5 17. Qxg5 Nxg5 18. f4 Nh7 19. Ng6 Rf6 20. Ne7+ Kf7 21. Nxc8 Rxc8 22. fxe5 Rg6 23. e6+ Ke7 24. Re3 Bd4 25. Rae1 Rxg3 26. Kf2 Rcg8 27. Bf3 f4 0-1

[Event "Moscow RGGU op"]
[Site "Moscow"]
[Date "2019.04.06"]
[Round "4"]
[White "Shevchenko, Evelina A"]
[Black "Rudyak, Mikhail"]
[Result "1/2-1/2"]
[WhiteElo "1377"]
[BlackElo "1556"]
[PlyCount "140"]
[EventDate "2019.03.16"]
[EventType "swiss"]
[EventRounds "7"]
[EventCountry "RUS"]
[SourceTitle "CBM 190 Extra"]
[Source "ChessBase"]
[SourceDate "2019.07.15"]
[SourceVersion "1"]
[SourceVersionDate "2019.07.15"]
[SourceQuality "1"]

1. e4 c5 2. Nf3 e6 3. Nc3 Nc6 4. a3 Nge7 5. d4 cxd4 6. Nxd4 d5 7. exd5 Nxd5 8. Nxc6 bxc6 9. Ne4 Be7 10. c4 Nf6 11. Qxd8+ Bxd8 12. Nd6+ Ke7 13. Bf4 Nh5 14. Be5 f6 15. Nxc8+ Rxc8 16. Bc3 e5 17. Bd2 g5 18. Be2 Ng7 19. 0-0-0 Bb6 20. Bb4+ c5 21. Bc3 h5 22. Bf3 Ne6 23. Bd5 Nd4 24. Rhe1 Kd6 25. f3 a5 26. Bxd4 cxd4 27. Rd3 a4 28. Kb1 Bc5 29. Rc1 Rb8 30. Ka2 Rb6 31. Rb1 Rhb8 32. b4 axb3+ 33. Rdxb3 Rxb3 34. Rxb3 Rxb3 35. Kxb3 g4 36. a4 gxf3 37. gxf3 h4 38. h3 f5 39. Kc2 Bb6 40. Kd3 Kc5 41. Be6 f4 42. Bd7 Kb4 43. Bc6 Kc5 44. Bd7 Kb4 45. Bb5 Kc5 46. Ke4 Bc7 47. a5 Bxa5 48. Kxe5 Bc7+ 49. Ke4 Bb8 50. Kd3 Bc7 51. Be8 Bb8 52. Bf7 Bc7 53. Bd5 Bb8 54. Kc2 Bc7 55. Kb3 Be5 56. Be4 Bf6 57. Bd3 Be5 58. Ka4 Bc7 59. Bf1 Bb6 60. Kb3 Ba5 61. Kc2 Bc7 62. Kd3 Bb8 63. Ke4 Bc7 64. Kf5 Kb4 65. Be2 Kc3 66. Ke4 Kd2 67. Bd3 Kc3 68. c5 Bb8 69. c6 Bc7 70. Ba6 Bb8 1/2-1/2

[Event "Moscow RGGU op"]
[Site "Moscow"]
[Date "2019.03.30"]
[Round "3"]
[White "Rudyak, Mikhail"]
[Black "Oruspay, Chayan"]
[Result "0-1"]
[WhiteElo "1556"]
[BlackElo "1908"]
[PlyCount "71"]
[EventDate "2019.03.16"]
[EventType "swiss"]
[EventRounds "7"]
[EventCountry "RUS"]
[SourceTitle "CBM 190 Extra"]
[Source "ChessBase"]
[SourceDate "2019.07.15"]
[SourceVersion "1"]
[SourceVersionDate "2019.07.15"]
[SourceQuality "1"]

1. d4 Nf6 2. c4 e6 3. Nf3 c5 4. e3 Nc6 5. Nc3 d5 6. cxd5 Nxd5 7. Bb5 Bd7 8. 0-0 cxd4 9. exd4 Be7 10. Nxd5 exd5 11. Re1 0-0 12. Be3 Bg4 13. Rc1 Qb6 14. Bxc6 bxc6 15. Rc2 Bf6 16. h3 Bh5 17. b3 Rfe8 18. g4 Bg6 19. Rc3 Rac8 20. Ne5 Be7 21. Nd7 Qa5 22. Bd2 Qxa2 23. Nc5 Bf6 24. Rxe8+ Rxe8 25. Be3 Bh4 26. Nd3 Bxd3 27. Qxd3 Re6 28. Qc2 Qa6 29. Kg2 h6 30. f4 Qb7 31. Bf2 Bxf2 32. Kxf2 Qb4 33. Kf3 Qxd4 34. Rd3 Qe4+ 35. Kg3 g5 36. f5 0-1